La Auditoría y la responsabilidad social y ambiental empresaria en entes con sistemas de información integrados (ERP) (Registro nro. 16910)

Detalles MARC
000 -LEADER
fixed length control field 00462 a2200121 4500
001 - CONTROL NUMBER
control field ART_7673
005 - DATE AND TIME OF LATEST TRANSACTION
control field 20260410161720.0
008 - FIXED-LENGTH DATA ELEMENTS--GENERAL INFORMATION
fixed length control field 260409a
100 1# - MAIN ENTRY--PERSONAL NAME
Personal name Fronti de García, Luisa
245 10 - TITLE STATEMENT
Title La Auditoría y la responsabilidad social y ambiental empresaria en entes con sistemas de información integrados (ERP)
700 1# - ADDED ENTRY--PERSONAL NAME
Personal name Suárez Kimura, Elsa Beatriz
773 0# - HOST ITEM ENTRY
Title Contabilidad y auditoría
Related parts - Año 14, Nº 28 (dic. 2008)
Record control number REV1723

No hay ítems disponibles.